000
00271nam a2200109Ia 4500
008
190216s9999||||xx |||||||||||||| ||und||
100
_a
Narayanan
245
0
_a
Re-Interpretations In South Indian History
260
_b
College Book House
650
_a
History
942
_c
BK
999
_c
20127
_d
20127